[Event "Lliga Catalana DH "]
[Site "?"]
[Date "2018.03.10"]
[Round "8.1"]
[White "Campos Moreno, Javier"]
[Black "Herraiz Hidalgo, Herminio"]
[Result "1/2-1/2"]
[WhiteElo "2510"]
[BlackElo "2483"]
[PlyCount "55"]
[EventDate "2018.??.??"]
[SourceDate "2018.01.21"]
[WhiteTeam "OLO"]
[BlackTeam "CAT"]

1. d4 d5 2. c4 e6 3. Nc3 Be7 4. Nf3 Nf6 5. Bg5 h6 6. Bh4 O-O 7. e3 b6 8. Bd3
Bb7 9. O-O Nbd7 10. Qe2 dxc4 11. Bxc4 Ne4 12. Nxe4 Bxe4 13. Bg3 Bd6 14. Rfd1
Bxg3 15. hxg3 Qe7 16. Rac1 c5 17. Bb5 Rfd8 18. dxc5 Nxc5 19. b4 Nb7 20. Nd2 Bg6
21. Bc6 Rab8 22. Nf3 Bh5 23. Qb5 Rxd1+ 24. Rxd1 Rd8 25. Rxd8+ Nxd8 26. Qxh5
Nxc6 27. b5 Nb4 28. Nd4 1/2-1/2

[Event "Lliga Catalana DH "]
[Site "?"]
[Date "2018.03.10"]
[Round "8.2"]
[White "Canal Oliveras, Joan"]
[Black "Vidal Zamora, Alex"]
[Result "0-1"]
[WhiteElo "2317"]
[BlackElo "2422"]
[PlyCount "24"]
[EventDate "2018.??.??"]
[SourceDate "2018.01.21"]
[WhiteTeam "CAT"]
[BlackTeam "OLO"]

1. e4 c5 2. c3 Nf6 3. e5 Nd5 4. d4 cxd4 5. Qxd4 e6 6. Nf3 d6 7. Bg5 dxe5 8.
Bb5+ Nc6 9. Qe4 f6 10. Nxe5 Qc7 11. c4 Ndb4 12. a3 Qxe5 0-1

[Event "Lliga Catalana DH "]
[Site "?"]
[Date "2018.03.10"]
[Round "8.3"]
[White "Sabria Batlle, Pol"]
[Black "Amigo Vilalta, Jordi"]
[Result "1/2-1/2"]
[WhiteElo "2403"]
[BlackElo "2322"]
[PlyCount "105"]
[EventDate "2018.??.??"]
[SourceDate "2018.01.21"]
[WhiteTeam "OLO"]
[BlackTeam "CAT"]

1. e4 c6 2. d4 d5 3. e5 Bf5 4. Nf3 e6 5. Be2 c5 6. Be3 cxd4 7. Nxd4 Ne7 8. c4
Nbc6 9. Qa4 a6 10. O-O dxc4 11. Qxc4 Nxd4 12. Bxd4 b5 13. Qc5 Rc8 14. Qd6 Nc6
15. Qxd8+ Rxd8 16. Be3 Nxe5 17. a4 Bd3 18. Bxd3 Nxd3 19. axb5 axb5 20. Rd1 Bb4
21. Na3 O-O 22. Nxb5 Nxb2 23. Rxd8 Rxd8 24. Nd4 Bc3 25. Nc6 Rd1+ 26. Rxd1 Nxd1
27. Bc5 f6 28. g3 e5 29. Kf1 Nb2 30. Ke2 Kf7 31. Nd8+ Ke8 32. Ne6 Kf7 33. Nd8+
Ke8 34. Ne6 Na4 35. Ba3 g6 36. Kd3 Be1 37. f4 exf4 38. Nxf4 Kf7 39. g4 Nb6 40.
h3 Bg3 41. Ne2 Be5 42. Ke4 Ke6 43. Bc1 Nd5 44. Kf3 f5 45. Bd2 Kf6 46. Bc1 g5
47. gxf5 Kxf5 48. Bd2 h6 49. Bc1 h5 50. Bd2 Bf4 51. Bxf4 Nxf4 52. Ng3+ Ke5 53.
Nxh5 1/2-1/2

[Event "Lliga Catalana DH "]
[Site "?"]
[Date "2018.03.10"]
[Round "8.4"]
[White "Dalo, Hermes"]
[Black "Busquets Prat, Rafael"]
[Result "1-0"]
[WhiteElo "2304"]
[BlackElo "2352"]
[PlyCount "73"]
[EventDate "2018.??.??"]
[SourceDate "2018.01.21"]
[WhiteTeam "CAT"]
[BlackTeam "OLO"]

1. Nf3 c5 2. c4 Nc6 3. g3 g6 4. d4 cxd4 5. Nxd4 Bg7 6. Nxc6 bxc6 7. Bg2 Rb8 8.
Nc3 Qa5 9. O-O Ba6 10. Qd3 d5 11. Bd2 Bxc4 12. Nxd5 Bxd3 13. Bxa5 cxd5 14. exd3
Rb5 15. Bc3 Nf6 16. a4 Rc5 17. Bd4 Rc7 18. Bxd5 Nxd5 19. Bxg7 Rg8 20. Be5 Rb7
21. Rfc1 Kd7 22. Rc5 e6 23. Rb5 Rxb5 24. axb5 Ra8 25. Bd4 Nc7 26. Ra5 Rb8 27.
Rxa7 Rxb5 28. f4 Kc6 29. Be5 Nd5 30. Rxf7 Rb7 31. Rxb7 Kxb7 32. Kf2 Kc6 33. Kf3
Kc5 34. Kg4 Nb4 35. d4+ Kd5 36. Kg5 Nd3 37. Kh6 1-0

[Event "Lliga Catalana DH "]
[Site "?"]
[Date "2018.03.10"]
[Round "8.5"]
[White "Vinardell Cruañas, Sergi"]
[Black "Juan Bartroli, Pau"]
[Result "0-1"]
[WhiteElo "2291"]
[BlackElo "2322"]
[PlyCount "71"]
[EventDate "2018.??.??"]
[SourceDate "2018.01.21"]
[WhiteTeam "OLO"]
[BlackTeam "CAT"]

1. e4 c6 2. d4 d5 3. Nc3 dxe4 4. Nxe4 Bf5 5. Ng3 Bg6 6. h4 h6 7. Nf3 Nd7 8. h5
Bh7 9. Bd3 Bxd3 10. Qxd3 e6 11. Bd2 Ngf6 12. Qe2 Be7 13. O-O-O O-O 14. Rhe1 c5
15. Nf5 Re8 16. Nxe7+ Qxe7 17. Rh1 Rac8 18. Rh4 Red8 19. dxc5 Nxc5 20. Be3
Rxd1+ 21. Qxd1 Nd5 22. Bd4 f5 23. Bxc5 Rxc5 24. Qe2 a5 25. Kb1 Rc6 26. g3 Rb6
27. Ka1 Qf6 28. Ne5 Qg5 29. Rh1 Rb4 30. c4 Nf6 31. Nd3 Rb6 32. Nf4 Ne4 33. Rd1
Qe7 34. f3 Nf6 35. Qd3 Kh7 36. Rd2 0-1

[Event "Lliga Catalana DH "]
[Site "?"]
[Date "2018.03.10"]
[Round "8.6"]
[White "Ballesteros Collazos, Sergi"]
[Black "Serrat Rifa, Ernest"]
[Result "1/2-1/2"]
[WhiteElo "2319"]
[BlackElo "2269"]
[PlyCount "93"]
[EventDate "2018.??.??"]
[SourceDate "2018.01.21"]
[WhiteTeam "CAT"]
[BlackTeam "OLO"]

1. c4 c5 2. Nc3 Nc6 3. g3 g6 4. Bg2 Bg7 5. a3 e6 6. Rb1 a5 7. Nf3 d5 8. cxd5
exd5 9. d3 Nge7 10. O-O O-O 11. Bf4 Bf5 12. Rc1 h6 13. h4 Kh7 14. Qb3 b6 15.
Nb5 a4 16. Qc2 Qd7 17. Nc3 Nd4 18. Nxd4 Bxd4 19. e4 Bh3 20. Rfe1 Bxg2 21. Kxg2
b5 22. Ne2 Bg7 23. Qxc5 Bxb2 24. Rb1 Rfc8 25. Qd6 Qxd6 26. Bxd6 Bf6 27. Rxb5
dxe4 28. dxe4 Ra7 29. Reb1 Rc2 30. Kf3 Nc6 31. Rb7 Rxb7 32. Rxb7 Kg7 33. Rc7
Bd8 34. Rd7 Kf6 35. Bf4 Kg7 36. Bd6 Kf6 37. Bf4 Kg7 38. Ke3 Bb6+ 39. Kd3 Ra2
40. Rd6 Rxa3+ 41. Kc4 Na5+ 42. Kb5 Bc7 43. Rd4 Bxf4 44. Nxf4 Nb7 45. Rxa4 Nd6+
46. Kb4 Rxa4+ 47. Kxa4 1/2-1/2

[Event "Lliga Catalana DH "]
[Site "?"]
[Date "2018.03.10"]
[Round "8.7"]
[White "Pinyol Clapera, David"]
[Black "Martin Grillo, Ruben"]
[Result "1/2-1/2"]
[WhiteElo "2239"]
[BlackElo "2306"]
[PlyCount "48"]
[EventDate "2018.??.??"]
[SourceDate "2018.01.21"]
[WhiteTeam "OLO"]
[BlackTeam "CAT"]

1. e4 c5 2. Nf3 d6 3. Bb5+ Bd7 4. Bxd7+ Nxd7 5. O-O Ngf6 6. Re1 e6 7. Nc3 Be7
8. d4 cxd4 9. Nxd4 O-O 10. Qe2 Rc8 11. Nb3 Ne5 12. Nb5 a6 13. N5d4 Qc7 14. h3
Qc4 15. Bg5 h6 16. Bh4 Qxe2 17. Rxe2 Nc4 18. c3 g5 19. Bg3 Nh5 20. Bh2 Nf4 21.
Bxf4 gxf4 22. g3 fxg3 23. fxg3 Bf6 24. Rf1 Be5 1/2-1/2

[Event "Lliga Catalana DH "]
[Site "?"]
[Date "2018.03.10"]
[Round "8.8"]
[White "Vera Pons, Felipe"]
[Black "Pages Rafart, Jordi"]
[Result "0-1"]
[WhiteElo "2298"]
[BlackElo "2232"]
[PlyCount "118"]
[EventDate "2018.??.??"]
[SourceDate "2018.01.21"]
[WhiteTeam "CAT"]
[BlackTeam "OLO"]

1. e4 c5 2. Nc3 e6 3. Nf3 Nc6 4. Bb5 Qc7 5. O-O a6 6. Bxc6 Qxc6 7. d4 cxd4 8.
Nxd4 Qc7 9. Bg5 Be7 10. Qg4 Nf6 11. Qh4 b5 12. Rfe1 d6 13. a3 O-O 14. Re3 h6
15. Bxh6 Nh7 16. Qg4 Bf6 17. Rd1 Kh8 18. Bf4 Bxd4 19. Rxd4 e5 20. Qh5 exd4 21.
Nd5 Qxc2 22. Re1 Be6 23. Ne7 Qc5 24. Qh4 Rae8 25. Rc1 Qa7 26. Bxd6 g5 27. Be5+
f6 28. Ng6+ Kg7 29. Qg3 fxe5 30. Nxf8 Kxf8 31. Qxe5 Qg7 32. Qd6+ Kg8 33. Rc7
Qxc7 34. Qxc7 Rc8 35. Qxc8+ Bxc8 36. Kf1 Be6 37. Ke2 Bc4+ 38. Kd2 a5 39. g3 a4
40. f4 gxf4 41. gxf4 Kf7 42. Ke1 Nf6 43. e5 Nd5 44. f5 Ne3 45. f6 Ng4 46. h4
Nxe5 47. h5 Kxf6 48. Kf2 Kg5 49. Ke1 Kxh5 50. Kd2 Kg4 51. Kc2 Kf3 52. Kd2 Kf2
53. Kd1 Nf3 54. b3 Bxb3+ 55. Kc1 Ke2 56. Kb2 Ne5 57. Kc1 Nc4 58. Kb1 d3 59. Kc1
d2+ 0-1

[Event "Lliga Catalana DH "]
[Site "?"]
[Date "2018.03.10"]
[Round "8.9"]
[White "Piera Fina, Xavier"]
[Black "Saez Coma, Alejandro"]
[Result "1/2-1/2"]
[WhiteElo "2202"]
[BlackElo "2218"]
[PlyCount "82"]
[EventDate "2018.??.??"]
[SourceDate "2018.01.21"]
[WhiteTeam "OLO"]
[BlackTeam "CAT"]

1. d4 Nf6 2. Nf3 e6 3. e3 b6 4. Bd3 Bb7 5. Nbd2 d5 6. O-O Bd6 7. Qe2 Ne4 8. b3
O-O 9. Bb2 a5 10. a3 Nd7 11. Rfd1 Qf6 12. Nf1 a4 13. b4 c5 14. bxc5 bxc5 15. c4
cxd4 16. exd4 Qe7 17. c5 Bf4 18. Ng3 Bxg3 19. hxg3 Bc6 20. Bxe4 dxe4 21. Nd2
Rab8 22. Bc3 Nf6 23. Rab1 Qa7 24. Bb4 Qd7 25. Nc4 Bb5 26. Qc2 Bxc4 27. Qxc4 Qc6
28. Re1 h6 29. Qc2 Rb7 30. Bd2 Rfb8 31. Bf4 Rxb1 32. Rxb1 Rxb1+ 33. Qxb1 Nd7
34. Qb4 f6 35. Bd6 Qa6 36. Qc3 Qc6 37. Qa5 Kh7 38. Qc7 Qb5 39. c6 Qe2 40. Qa5
Ne5 41. dxe5 Qd1+ 1/2-1/2

[Event "Lliga Catalana DH "]
[Site "?"]
[Date "2018.03.10"]
[Round "8.10"]
[White "Vigo Allepuz, David"]
[Black "Lazaro Pujol, Abel"]
[Result "1-0"]
[WhiteElo "2223"]
[BlackElo "2110"]
[PlyCount "79"]
[EventDate "2018.??.??"]
[SourceDate "2018.01.21"]
[WhiteTeam "CAT"]
[BlackTeam "OLO"]

1. d4 d5 2. Bg5 Nf6 3. Bxf6 exf6 4. e3 c5 5. Nc3 Be6 6. Nge2 Nc6 7. g3 cxd4 8.
exd4 Bb4 9. Bg2 O-O 10. O-O Qd7 11. Nb1 Rfe8 12. c3 Bf8 13. Nf4 g6 14. c4 Ne7
15. Nc3 dxc4 16. d5 Bf5 17. Qd4 Nc6 18. Qxc4 Ne5 19. Qb3 Bh6 20. Nfe2 Bh3 21.
Ne4 Bg7 22. Nc5 Qf5 23. Be4 Qg5 24. f4 Qh5 25. fxe5 Qxe2 26. Rf2 Qh5 27. Nd3
fxe5 28. Qxb7 f5 29. Bg2 Bxg2 30. Kxg2 Rab8 31. Qxa7 Qg4 32. Re1 Qc4 33. Nxe5
Qxd5+ 34. Nf3 Rxe1 35. Qxb8+ Bf8 36. a4 g5 37. Qb5 Qe4 38. Qb3+ Kg7 39. Qc3+
Kg6 40. Qxe1 1-0

[Event "Lliga Catalana DH "]
[Site "?"]
[Date "2018.03.10"]
[Round "8.1"]
[White "Alvarez Pedraza, Aramis"]
[Black "Alonso Rosell, Alvar"]
[Result "0-1"]
[WhiteElo "2521"]
[BlackElo "2532"]
[PlyCount "60"]
[EventDate "2018.??.??"]
[SourceDate "2018.01.21"]
[WhiteTeam "LLE"]
[BlackTeam "GER"]

1. c4 c5 2. Nc3 Nc6 3. g3 g6 4. Bg2 Bg7 5. e4 e6 6. Nge2 Nge7 7. d3 d6 8. Be3
Nd4 9. Qd2 Nec6 10. O-O O-O 11. Bh6 Rb8 12. Bxg7 Kxg7 13. f4 e5 14. f5 f6 15.
h4 gxf5 16. Nxd4 Nxd4 17. Nd5 b5 18. b3 bxc4 19. dxc4 fxe4 20. Nxf6 Rxf6 21.
Qg5+ Kf7 22. Qh5+ Kg7 23. Qg5+ Kf7 24. Bxe4 Bh3 25. Qh5+ Ke6 26. Qxh7 d5 27.
cxd5+ Kd6 28. Rfe1 Qg8 29. Qxa7 Qxg3+ 30. Kh1 Bg2+ 0-1

[Event "Lliga Catalana DH "]
[Site "?"]
[Date "2018.03.10"]
[Round "8.2"]
[White "Valle Maytin, Luis Enrique"]
[Black "Barbero Sendic, Alejandro"]
[Result "1/2-1/2"]
[WhiteElo "2363"]
[BlackElo "2430"]
[PlyCount "27"]
[EventDate "2018.??.??"]
[SourceDate "2018.01.21"]
[WhiteTeam "GER"]
[BlackTeam "LLE"]

1. d4 d5 2. c4 dxc4 3. e3 e5 4. Bxc4 exd4 5. Nf3 Bb4+ 6. Bd2 Bxd2+ 7. Qxd2 Nc6
8. O-O Nf6 9. Bb5 Bd7 10. Nxd4 Nxd4 11. Qxd4 Bxb5 12. Qe5+ Qe7 13. Qxb5+ c6 14.
Qb3 1/2-1/2

[Event "Lliga Catalana DH "]
[Site "?"]
[Date "2018.03.10"]
[Round "8.3"]
[White "Trepat Herranz, Joan"]
[Black "Molina Carretero, Daniel"]
[Result "1-0"]
[WhiteElo "2431"]
[BlackElo "2329"]
[PlyCount "71"]
[EventDate "2018.??.??"]
[SourceDate "2018.01.21"]
[WhiteTeam "LLE"]
[BlackTeam "GER"]

1. e4 c5 2. Nf3 d6 3. d4 cxd4 4. Nxd4 Nf6 5. Nc3 g6 6. Be3 Bg7 7. f3 Nc6 8. Qd2
O-O 9. Bc4 Bd7 10. O-O-O Ne5 11. Bb3 Qa5 12. Kb1 Rfc8 13. Bg5 Rc5 14. f4 Neg4
15. Rhf1 h6 16. Bxf6 Nxf6 17. e5 dxe5 18. Bxf7+ Kxf7 19. Nb3 Qc7 20. Nxc5 Bg4
21. Nd3 Bxd1 22. Nxe5+ Kg8 23. Rxd1 Rc8 24. Nxg6 Qc5 25. Qe2 Kf7 26. Ne5+ Kg8
27. a3 Qa5 28. Qb5 Qc7 29. Qb3+ Kh7 30. Qf7 Qb6 31. Rd3 Qg1+ 32. Ka2 Qxh2 33.
Qg6+ Kg8 34. Rg3 Ne8 35. Nd5 Qh4 36. Rg4 1-0

[Event "Lliga Catalana DH "]
[Site "?"]
[Date "2018.03.10"]
[Round "8.4"]
[White "Mundet Riera, Jaume"]
[Black "Adel Lahchaichi, Oussama"]
[Result "0-1"]
[WhiteElo "2271"]
[BlackElo "2378"]
[PlyCount "104"]
[EventDate "2018.??.??"]
[SourceDate "2018.01.21"]
[WhiteTeam "GER"]
[BlackTeam "LLE"]

1. d4 d5 2. Nf3 Nf6 3. g3 Bf5 4. Bg2 e6 5. O-O Be7 6. c4 c6 7. cxd5 cxd5 8. Nc3
Nc6 9. Nh4 Be4 10. e3 Bxg2 11. Nxg2 a6 12. a3 Rc8 13. Nf4 O-O 14. Nd3 Na5 15.
Bd2 Nc4 16. Qe2 Ne4 17. Be1 Nxc3 18. bxc3 Qa5 19. Nb4 Nb6 20. Bd2 Rc4 21. e4
dxe4 22. Qxe4 Bxb4 23. axb4 Qd5 24. Qd3 Rfc8 25. Ra5 Qd7 26. Rh5 f5 27. g4 g6
28. Rg5 Nd5 29. gxf5 exf5 30. Rc1 Nxb4 31. Qg3 Nd5 32. h4 Nf6 33. f3 Kf7 34.
Re1 Re8 35. Re5 Rxe5 36. Qxe5 Qe7 37. Qb8 Ra4 38. Rg2 Ra1+ 39. Kh2 Nd5 40. Qg3
Ra2 41. c4 Ne3 42. Bxe3 Rxg2+ 43. Kxg2 Qxe3 44. Qc7+ Kg8 45. Qb8+ Kg7 46. Qxb7+
Kh6 47. Qd5 Kh5 48. Qd8 h6 49. c5 Qd2+ 50. Kf1 g5 51. Qd7 Kxh4 52. c6 Kg3 0-1

[Event "Lliga Catalana DH "]
[Site "?"]
[Date "2018.03.10"]
[Round "8.5"]
[White "Martinez Lopez, Ivan"]
[Black "Gonzalez Vericat, Sergi"]
[Result "1-0"]
[WhiteElo "2317"]
[BlackElo "2257"]
[PlyCount "125"]
[EventDate "2018.??.??"]
[SourceDate "2018.01.21"]
[WhiteTeam "LLE"]
[BlackTeam "GER"]

1. Nf3 b6 2. g3 Bb7 3. Bg2 e5 4. d3 Nf6 5. O-O d6 6. c4 Be7 7. Nc3 O-O 8. e4 c5
9. Ne1 Nc6 10. f4 Nd4 11. Nf3 Nd7 12. f5 Kh8 13. h4 a6 14. Ng5 h6 15. Nf3 Nf6
16. Nh2 Ng8 17. Ne2 b5 18. Nxd4 cxd4 19. b3 a5 20. Bd2 b4 21. Nf3 Nf6 22. Qe2
Qb6 23. Nh2 Ng8 24. Qf2 Qd8 25. Rfe1 g5 26. hxg5 Bxg5 27. Nf3 f6 28. Nh4 Ne7
29. Bf3 Rg8 30. Kh2 Kg7 31. Bh5 Bc6 32. Nf3 Qf8 33. Kg2 Be8 34. Bxe8 Rxe8 35.
Rh1 Kf7 36. Rh3 Qg7 37. Rah1 Bf4 38. Bxf4 exf4 39. Qxd4 Qg4 40. Qxd6 Nxf5 41.
Qd5+ Kf8 42. Qxf5 Qxf5 43. exf5 Re2+ 44. Kf1 Rxa2 45. R1h2 Ra1+ 46. Ke2 fxg3
47. Rg2 Ra2+ 48. Nd2 a4 49. bxa4 b3 50. Kf3 b2 51. Rxh6 Ra3 52. Rxf6+ Ke7 53.
Re6+ Kf7 54. Rb6 Rxd3+ 55. Ke4 Rgd8 56. Rxb2 R8d6 57. Nf3 Rc3 58. Ne5+ Kf8 59.
Rb8+ Ke7 60. Rb7+ Ke8 61. Rg7 Rd1 62. R2xg3 Re1+ 63. Kd5 1-0

[Event "Lliga Catalana DH "]
[Site "?"]
[Date "2018.03.10"]
[Round "8.6"]
[White "Guso Llorca, Jordi"]
[Black "Quintas Galeano, Lluis"]
[Result "1/2-1/2"]
[WhiteElo "2249"]
[BlackElo "2227"]
[PlyCount "92"]
[EventDate "2018.??.??"]
[SourceDate "2018.01.21"]
[WhiteTeam "GER"]
[BlackTeam "LLE"]

1. Nf3 Nf6 2. g3 d6 3. Bg2 g6 4. d4 Bg7 5. O-O O-O 6. c4 Nc6 7. Nc3 Bf5 8. Nh4
Bd7 9. Nf3 a6 10. e4 e5 11. dxe5 dxe5 12. h3 Be6 13. b3 Qc8 14. Kh2 Rd8 15. Bd2
h6 16. Re1 Kh7 17. Nd5 Ng8 18. Bc3 Nd4 19. Nxd4 exd4 20. Bb2 Rb8 21. Rc1 c6 22.
Nb6 Qc7 23. c5 d3 24. Bc3 Bd4 25. Bxd4 Rxd4 26. Qd2 Rbd8 27. Re3 h5 28. Rc3 h4
29. Rcxd3 hxg3+ 30. fxg3 Qe5 31. Rxd4 Qxd4 32. Qxd4 Rxd4 33. Re2 Nf6 34. g4 Kg7
35. Kg3 Rd3+ 36. Kf2 Rc3 37. Na4 Rc1 38. Ke3 Nd7 39. Kd2 Rg1 40. Kc3 Ne5 41.
Kd4 f6 42. Nc3 g5 43. Rd2 Ng6 44. Nd1 Nh4 45. Ne3 Re1 46. Rf2 Ng6 1/2-1/2

[Event "Lliga Catalana DH "]
[Site "?"]
[Date "2018.03.10"]
[Round "8.7"]
[White "Sole Pijuan, Ferran"]
[Black "Carrasco Holgado, David"]
[Result "1/2-1/2"]
[WhiteElo "2226"]
[BlackElo "2229"]
[PlyCount "92"]
[EventDate "2018.??.??"]
[SourceDate "2018.01.21"]
[WhiteTeam "LLE"]
[BlackTeam "GER"]

1. d4 f5 2. g3 Nf6 3. Bg2 g6 4. c3 Bg7 5. Qb3 Nc6 6. Nd2 e6 7. Nh3 d5 8. Nf4
Qe7 9. Nf3 Ne4 10. h4 b6 11. h5 g5 12. h6 Bf6 13. Nd3 Qd6 14. a4 Ba6 15. Qa3
Na5 16. Nfe5 Qxa3 17. Rxa3 Be7 18. b4 Nc4 19. Nxc4 Bxc4 20. Bxe4 dxe4 21. Ne5
Bd5 22. a5 O-O 23. Rh5 g4 24. Bg5 Bd6 25. Bh4 Bxe5 26. dxe5 Kf7 27. Rg5 Rg8 28.
axb6 axb6 29. Rxa8 Bxa8 30. Rxg8 Kxg8 31. Bd8 b5 32. Bxc7 Bd5 33. Kd2 Kf7 34.
Bb6 Kg6 35. Be3 Kf7 36. Bf4 Ke7 37. Ke3 Kd7 38. Bg5 Kc6 39. Bh4 Kd7 40. Bf6 Bc6
41. c4 bxc4 42. Kd4 Bb5 43. Bg5 Kc6 44. Bc1 Ba6 45. Kc3 Kd5 46. Bb2 Bb5 1/2-1/2

[Event "Lliga Catalana DH "]
[Site "?"]
[Date "2018.03.10"]
[Round "8.8"]
[White "Parramon Ros, Francesc"]
[Black "Bruned Segura, Mario"]
[Result "1-0"]
[WhiteElo "2189"]
[BlackElo "2217"]
[PlyCount "67"]
[EventDate "2018.??.??"]
[SourceDate "2018.01.21"]
[WhiteTeam "GER"]
[BlackTeam "LLE"]

1. Nf3 d6 2. d4 f5 3. Bf4 Nf6 4. h3 g6 5. e3 Bg7 6. Bc4 e6 7. Nbd2 O-O 8. g4
Kh8 9. gxf5 exf5 10. Qe2 c6 11. a4 d5 12. Bd3 Nbd7 13. Ne5 Nh5 14. Ndf3 Nxf4
15. exf4 Nf6 16. h4 Nh5 17. Qd2 Qb6 18. O-O-O Bh6 19. Ng5 Qxd4 20. Nef7+ Kg7
21. Nxh6 Kxh6 22. Rhe1 Qc5 23. Be2 Nf6 24. h5 Kg7 25. hxg6 hxg6 26. b4 Qxf2 27.
Rf1 Qb6 28. Qc3 d4 29. Qh3 Nd7 30. Qh7+ Kf6 31. Rh1 Ne5 32. fxe5+ Kxe5 33. Qg7+
Kd5 34. c4+ 1-0

[Event "Lliga Catalana DH "]
[Site "?"]
[Date "2018.03.10"]
[Round "8.9"]
[White "Codina Garcia, Josep"]
[Black "Rovira Vila, Jaume"]
[Result "0-1"]
[WhiteElo "2189"]
[BlackElo "2179"]
[PlyCount "128"]
[EventDate "2018.??.??"]
[SourceDate "2018.01.21"]
[WhiteTeam "LLE"]
[BlackTeam "GER"]

1. d4 d5 2. Nf3 e6 3. c4 c6 4. e3 f5 5. Nc3 Nf6 6. Bd3 Bd6 7. O-O O-O 8. c5 Bc7
9. b4 Ne4 10. Qc2 Nd7 11. Ne1 e5 12. f4 exd4 13. exd4 Qf6 14. Nf3 a5 15. Ba3
Bxf4 16. Rae1 Qh6 17. b5 Be3+ 18. Rxe3 Qxe3+ 19. Kh1 Qh6 20. Bc1 Qh5 21. Kg1
Ndf6 22. b6 Be6 23. Ne2 Qe8 24. Nf4 Bf7 25. Ne5 Nd7 26. Nf3 Bh5 27. Qb3 a4 28.
Qc2 Bxf3 29. Rxf3 Ndf6 30. Ne2 g6 31. Bf4 Qe6 32. Bc1 Rfe8 33. Bf4 Qe7 34. Bc1
Ng4 35. Bf4 Ngf6 36. Bc1 Nh5 37. Rf1 Ng7 38. a3 Ne6 39. Qb2 Rf8 40. Nf4 Rfe8
41. Ne2 Qg7 42. Rf3 h6 43. Rf1 Kh7 44. Rf3 Rf8 45. Rf1 Kg8 46. Rf3 g5 47. Rf1
Rf7 48. Rf3 Nf4 49. Ng3 Nxg3 50. hxg3 Ne6 51. Rxf5 Rxf5 52. Bxf5 Nxd4 53. Bd3
Ne6 54. Qe2 Nxc5 55. Bb2 Qf7 56. Qe5 Kf8 57. Qd6+ Kg8 58. Qxh6 Qd7 59. Qxg5+
Kf8 60. Bf5 Qf7 61. Qh6+ Ke7 62. Qg5+ Kf8 63. Be5 Ne4 64. Bg6 Nxg5 0-1

[Event "Lliga Catalana DH "]
[Site "?"]
[Date "2018.03.10"]
[Round "8.10"]
[White "Saurina Suñer, Francesc Xavier"]
[Black "Masague Artero, Guerau"]
[Result "1-0"]
[WhiteElo "2130"]
[BlackElo "2164"]
[PlyCount "105"]
[EventDate "2018.??.??"]
[SourceDate "2018.01.21"]
[WhiteTeam "GER"]
[BlackTeam "LLE"]

1. e4 c5 2. Nf3 Nc6 3. d4 cxd4 4. Nxd4 g6 5. Nc3 Bg7 6. Be3 Nf6 7. Nxc6 bxc6 8.
e5 Nd5 9. Nxd5 cxd5 10. Qxd5 Rb8 11. Bc4 O-O 12. O-O-O Qc7 13. Bb3 Bxe5 14. Qc5
Qxc5 15. Bxc5 Bf4+ 16. Kb1 d6 17. Bxa7 Rb7 18. Bd4 Bf5 19. f3 Rc8 20. Bc3 h5
21. g3 Bh6 22. Ka1 Bh3 23. Rhe1 Kf8 24. Re2 Bd7 25. Re4 Bf5 26. Ree1 Bd7 27. h4
Bf5 28. Re2 Bd7 29. Re4 Bf5 30. Ra4 Bd7 31. Re4 Bf5 32. Ree1 Bd7 33. f4 Rbc7
34. Rd5 Be6 35. Rd3 Bxb3 36. cxb3 Bg7 37. Rc1 e5 38. Kb1 e4 39. Bxg7+ Kxg7 40.
Rxc7 Rxc7 41. Rxd6 e3 42. Rd1 Kf6 43. Re1 Re7 44. Kc2 Kf5 45. Kd3 e2 46. Rxe2
Rd7+ 47. Kc2 Kg4 48. Re3 f6 49. b4 g5 50. fxg5 fxg5 51. hxg5 Kxg5 52. b5 Kg4
53. a4 1-0

[Event "Lliga Catalana DH "]
[Site "?"]
[Date "2018.03.10"]
[Round "8.1"]
[White "Gonzalez Rodriguez, Jorge"]
[Black "Vila Gazquez, Xavier"]
[Result "0-1"]
[WhiteElo "2381"]
[BlackElo "2530"]
[PlyCount "36"]
[EventDate "2018.??.??"]
[SourceDate "2018.01.21"]
[WhiteTeam "FIG"]
[BlackTeam "BAB"]

1. c4 e5 2. Nc3 Nf6 3. g3 Bb4 4. Bg2 O-O 5. d3 Re8 6. Bd2 c6 7. Ne4 Nxe4 8.
dxe4 Bc5 9. e3 a5 10. Ne2 d6 11. Nc3 Nd7 12. O-O Nf6 13. Na4 Ba7 14. Qe1 Bb8
15. Qe2 b6 16. Rad1 Be6 17. b3 b5 18. cxb5 cxb5 0-1

[Event "Lliga Catalana DH "]
[Site "?"]
[Date "2018.03.10"]
[Round "8.2"]
[White "Rizouk, Aimen"]
[Black "Touzane, Olivier"]
[Result "1-0"]
[WhiteElo "2494"]
[BlackElo "2283"]
[PlyCount "63"]
[EventDate "2018.??.??"]
[SourceDate "2018.01.21"]
[WhiteTeam "BAB"]
[BlackTeam "FIG"]

1. e4 Nc6 2. Nf3 d6 3. d4 Nf6 4. Nc3 Bg4 5. Be3 g6 6. Be2 Bg7 7. Qd2 O-O 8. O-O
a6 9. Rad1 b5 10. e5 Ne8 11. h3 Bc8 12. Bf4 dxe5 13. Nxe5 Bb7 14. Nxc6 Bxc6 15.
d5 Bd7 16. Bh6 Bxh6 17. Qxh6 Nd6 18. Bf3 f5 19. Rfe1 Rf7 20. Ne2 Qf8 21. Qd2
Nc4 22. Qc3 Rc8 23. Nd4 g5 24. Ne6 Qh6 25. Nc5 Qd6 26. Ne6 h6 27. b3 Qa3 28.
Bh5 Rf6 29. Qd4 c5 30. Qa1 Nd6 31. Nxg5 hxg5 32. Rxe7 1-0

[Event "Lliga Catalana DH "]
[Site "?"]
[Date "2018.03.10"]
[Round "8.3"]
[White "Serra Pages, Jordi"]
[Black "Alonso Moyano, Jonahtan"]
[Result "1/2-1/2"]
[WhiteElo "2338"]
[BlackElo "2458"]
[PlyCount "41"]
[EventDate "2018.??.??"]
[SourceDate "2018.01.21"]
[WhiteTeam "FIG"]
[BlackTeam "BAB"]

1. d4 f5 2. g3 Nf6 3. Bg2 d6 4. Nc3 Nc6 5. Bg5 e5 6. Bxc6+ bxc6 7. dxe5 dxe5 8.
Qxd8+ Kxd8 9. Nf3 Bd6 10. O-O-O Ke7 11. Nh4 Kf7 12. Bxf6 Kxf6 13. e4 g6 14. Rd3
Ba6 15. Rf3 f4 16. gxf4 exf4 17. e5+ Bxe5 18. Ne4+ Kg7 19. Rd1 Rhe8 20. Ra3 Bc8
21. Nf3 1/2-1/2

[Event "Lliga Catalana DH "]
[Site "?"]
[Date "2018.03.10"]
[Round "8.4"]
[White "Perez Mañas, Benjamin"]
[Black "Pijuan Herranz, Manel"]
[Result "1-0"]
[WhiteElo "2410"]
[BlackElo "2307"]
[PlyCount "103"]
[EventDate "2018.??.??"]
[SourceDate "2018.01.21"]
[WhiteTeam "BAB"]
[BlackTeam "FIG"]

1. e4 e5 2. Nf3 Nc6 3. Bb5 Nf6 4. d3 Bc5 5. Nc3 d6 6. Qe2 O-O 7. Na4 Nd4 8.
Nxd4 Bxd4 9. Bc4 Ng4 10. f3 Nf6 11. c3 Bd7 12. cxd4 Bxa4 13. d5 Nh5 14. g4 Nf4
15. Bxf4 exf4 16. d4 c5 17. dxc6 Bxc6 18. Bb3 a5 19. O-O-O a4 20. Bc2 a3 21. b3
Qa5 22. Qd2 Rfc8 23. Qxa5 Rxa5 24. Kd2 d5 25. Bd3 dxe4 26. fxe4 Rg5 27. Rhg1 h5
28. h3 hxg4 29. hxg4 Re8 30. d5 Bd7 31. Rdf1 Rxg4 32. Rxg4 Bxg4 33. Rxf4 Bd7
34. Kc3 g5 35. Rf2 Kg7 36. Kb4 g4 37. Kxa3 f5 38. exf5 Kf6 39. Kb4 Re3 40. Bf1
Bxf5 41. d6 Rf3 42. Rxf3 gxf3 43. Kc5 Ke6 44. a4 Kd7 45. Bb5+ Kc8 46. Kd4 Bd7
47. Bc4 Bc6 48. Be6+ Bd7 49. Bd5 f2 50. Bg2 Be6 51. b4 Kd7 52. Kc5 1-0

[Event "Lliga Catalana DH "]
[Site "?"]
[Date "2018.03.10"]
[Round "8.5"]
[White "Pinsach Gelabert, Alexandre"]
[Black "Obon Temprano, Sergi"]
[Result "0-1"]
[WhiteElo "2294"]
[BlackElo "2384"]
[PlyCount "104"]
[EventDate "2018.??.??"]
[SourceDate "2018.01.21"]
[WhiteTeam "FIG"]
[BlackTeam "BAB"]

1. e4 e5 2. Nf3 Nc6 3. d4 exd4 4. Nxd4 Bc5 5. Nxc6 Qf6 6. Qf3 dxc6 7. Nc3 Ne7
8. Qxf6 gxf6 9. Bf4 Bb6 10. Na4 Ba5+ 11. c3 Be6 12. Nc5 O-O-O 13. Nxe6 fxe6 14.
Bc4 e5 15. Bh6 Rd6 16. Ke2 Ng6 17. g3 Rhd8 18. Rhd1 Kd7 19. a4 Ke7 20. f4 exf4
21. gxf4 Bb6 22. e5 Rxd1 23. Rxd1 Rxd1 24. exf6+ Kxf6 25. Kxd1 Bg1 26. h4 Bh2
27. Bg8 Bxf4 28. Bxf4 Nxf4 29. Bxh7 Ng2 30. h5 Nf4 31. h6 Kg5 32. Be4 Kxh6 33.
a5 Nd5 34. Kd2 Kg5 35. Kd3 Ne7 36. Kd4 Kf6 37. b4 b6 38. c4 c5+ 39. Kc3 Ke5 40.
Bg2 Kd6 41. axb6 cxb6 42. b5 Ke5 43. Bh3 Ke4 44. Be6 Nf5 45. Bg8 Ke3 46. Bh7
Nd6 47. Bg6 Ne4+ 48. Kb3 Kd4 49. Bf7 Nd2+ 50. Ka4 Nxc4 51. Bg8 Nd6 52. Bh7 Ne4
0-1